000 00811nam a22002297a 4500
005 20080930161322.0
008 080930t xxu||||| |||| 00| 0 eng d
010 _aENG-91077
020 _a9788190655316
_c980.00
035 _aEN-74610
037 _bDBAD / PUB
040 _aDPL
082 _a382.92
100 _aJain, N.K.
245 _aWTO:
_bconcepts, challenges and global development/
_cby N.K. Jain
260 _aNew Delhi
_bRegal Publications
_c2008
300 _ax, 304p.
_c22cm.(Hb)
500 _aIncludes appendix, glossary and index
610 _aWorld Trade Organisation
942 _2ddc
_cEN
_h382.92
_mJAI
999 _c16054
_d16054